| 000 | 00429nam a2200145Ia 4500 | ||
|---|---|---|---|
| 008 | 221007s9999 xx 000 0 und d | ||
| 041 | _aeng | ||
| 082 | _bKUM | ||
| 100 |
_aGaikwad A _9102424 |
||
| 245 | _aA Study of Retension Strategies in BPO's of Pune, with Special Reference to International Call Centres | ||
| 260 |
_c2009 _bTilak Maharashtra University _aPune |
||
| 300 | _a254p | ||
| 520 | _aBapat S G | ||
| 906 | _bGeneral | ||
| 999 |
_c69620 _d69620 |
||